| 000 | 01435nam a2200241Ia 4500 | ||
|---|---|---|---|
| 999 |
_c56205 _d56205 |
||
| 001 | 23306 | ||
| 003 | GE_BSU | ||
| 005 | 20251208192844.0 | ||
| 008 | 181216s1998||||ge |||||||||||||| ||geo|| | ||
| 040 | _cGE_BSU | ||
| 041 | _ageo | ||
| 080 | _a94(4)"19"+94(73)"19 კ-95 | ||
| 100 |
_aკუბლაშვილი, ჯ. _926402 |
||
| 245 |
_aახალი ისტორია 1815-1870 : _b ლექციების კურსი ევროპისა და ამერიკის შეერთებული შტატების ახალი დროის ისტორიაში / _cჯ. კუბლაშვილი, ტ. ჭიღვარია ; რედ. მ. რეხვიაშვილი. |
||
| 264 |
_aქუთაისი : _bქუთაისის გ. ტაბიძის სახ. სააქციო საზ-ბა, _c1998. |
||
| 300 |
_a267 გვ. ; _c22 სმ. |
||
| 541 | _h4 ლ. | ||
| 653 | _aახალი ისტორია 1815-1870 | ||
| 653 | _aლექციების კურსი ევროპისა და ამერიკის შეერთებული შტატების ახალი დროის ისტორიაში | ||
| 700 |
_aჭიღვარია, ტ. _eავტორი _926403 |
||
| 700 |
_aრეხვიაშვილი, მ. _eრედაქტორი _926404 |
||
| 942 |
_cBK _2udc |
||